Donoso Cortés in gesamteuropaeischer interpretation : (Record no. 140017)

MARC details
000 -LEADER
campo de control de longitud fija 00572nam a2200181 i 4500
001 - NÚMERO DE CONTROL
campo de control 140017
003 - IDENTIFICADOR DE NÚMERO DE CONTROL
campo de control ES-MaACL
005 - FECHA Y HORA DE LA ÚLTIMA TRANSACCIÓN
campo de control 20231011173346.0
007 - CAMPO FIJO DE DESCRIPCIÓN FÍSICA--INFORMACIÓN GENERAL
campo de control de longitud fija t|
008 - DATOS DE LONGITUD FIJA--INFORMACIÓN GENERAL
campo de control de longitud fija 070214s1950 gw r ||||1| ger d
100 1# - ENTRADA PRINCIPAL--NOMBRE DE PERSONA
Nombre de persona Schmitt, Carl.
9 (RLIN) 104517
245 10 - MENCIÓN DEL TÍTULO
Título Donoso Cortés in gesamteuropaeischer interpretation :
Resto del título vier aufsaetze /
Mención de responsabilidad, etc. Carl Schmitt.
260 ## - PUBLICACIÓN, DISTRIBUCIÓN, ETC.
Lugar de publicación, distribución, etc. Köln :
Nombre del editor, distribuidor, etc. Greven Verlag,
Fecha de publicación, distribución, etc. 1950.
300 ## - DESCRIPCIÓN FÍSICA
Extensión 113 p. ;
Dimensiones 19 cm.
600 14 - PUNTO DE ACCESO ADICIONAL DE MATERIA--NOMBRE DE PERSONA
Nombre de persona Donoso Cortés, Juan,
Fechas asociadas al nombre 1809-1853-
Subdivisión general Crítica e interpretación
9 (RLIN) 172937
852 ## - LOCALIZACIÓN
Ubicación ES-MaACL
Número de control de estantería D-8136
Holdings
Estatus retirado Estado de pérdida Estado de daño No para préstamo Biblioteca de origen Biblioteca actual Ubicación en estantería Fecha de adquisición Fuente de adquisición Total de préstamos Signatura topográfica completa Código de barras Visto por última vez Precio de reemplazo Tipo de ítem Koha
        Biblioteca del Ateneo de Madrid Biblioteca del Ateneo de Madrid Sala Valle Inclán 17/01/2008     D-8136 901145707 23/02/2023 23/02/2023 Libro impreso